QBs with 100 Passing TDs for two teams - Statistics

General Stats
  • This quiz has been taken 20 times
  • The average score is 3 of 5
Answer Stats
Career Answer % Correct
2000-2022 Tom Brady
89%
1998-2015 Peyton Manning
83%
1961-1978 Fran Tarkenton
39%
1998-2009 Kurt Warner
39%
2004-2017 Carson Palmer
22%
No matching quizzes found
Score Distribution
Percent of People with Each Score
Percentile by Number Answered
Your Score History
You have not taken this quiz